| 000 | 01085nam a22003257a 4500 | ||
|---|---|---|---|
| 001 | sjds21486555 | ||
| 003 | sjds | ||
| 005 | 20220913111504.0 | ||
| 008 | 910717s1989||||sp ||||j||||||||| ||spa| | ||
| 010 | _a91745076 | ||
| 020 | _a8434827794 | ||
| 020 | _a9788434827790 | ||
| 040 |
_aDLC _beng _cDLC |
||
| 041 | _aspa | ||
| 050 | 0 | 0 | _aMLCS 91/03108 (F) |
| 092 | _aSP J970.015 BAN | ||
| 100 | 1 | _aBanacloche, Julieta. | |
| 245 | 1 | 0 |
_aTierra a la vista! : _blos viajes de Colon / _cJulieta Banacloche. |
| 260 |
_a[Madrid] : _bSM : _bSociedad Estatal Quinto Centenario : _bComercializa, CESMA, _cc1989. |
||
| 300 |
_a73 pages : _billustrations (part color) ; _c20 cm. |
||
| 336 |
_atext _btxt _2rdacontent. |
||
| 337 |
_aunmediated _bn _2rdamedia. |
||
| 338 |
_avolume _bnc _2rdacarrier. |
||
| 490 | 1 |
_aEl Gran encuentro ; _v3. |
|
| 600 | 1 | 0 |
_aColumbus, Christopher _vJuvenile literature. |
| 650 | 0 |
_aSpanish language materials _vJuvenile literature. |
|
| 651 | 0 |
_aAmerica _xDiscovery and exploration _xSpanish _vJuvenile literature. |
|
| 830 | 0 |
_aGran encuentro ; _v3. |
|
| 942 | _cBK | ||
| 999 |
_c27445 _d27445 |
||